| 000 | 00528nam a2200097Ia 4500 | ||
|---|---|---|---|
| 008 | 170517s9999 xx 000 0 und d | ||
| 245 | _aNuclear Nightmares | ||
| 300 | _aNuclear Nightmares talks about how radiophobia, the fear of radioactivity, is widespread and yet not based on scientific evidence. After the Chernobyl accident, a lot of death toll numbers appeared in the news, some close to 400.000 people dead, but the reality is the... | ||
| 650 | _xTechnology. | ||
| 856 | _uhttp://topdocumentaryfilms.com/nuclear-nightmares/ | ||
| 999 |
_c335063 _d335063 |
||